000
00239 a2200097 4500
001
23438
100
_a
Lampitt, R A
245
_a
Network Analysis for Telecommunications and electronics
260
_a
_b
Iliffe
_c
1965
090
_c
15831
_d
15831
942
_a
NUST-CAE
_c
M
_c
6482
999
_c
258511
_d
258511